LDR 00684naa#a2200169#i#450# 001 EN\\bibl\117548 005 20260703025045.5 011 ## _a2227-1171 100 ## _a20260630b2026####ek#y0engy0150####ca 102 ## _aRU 200 1# _aCRIMINAL LAW PROTECTION OF PUBLIC MORALITY: CURRENT STATE, TRENDS AND DEVELOPMENT PROSPECT _eJournal article 210 1# _aKazan _cKazan law institute Ministry of Internal Affairs Russian Federation _d2026 215 ## _a6 с. 608 ## _aJournal article _2local 675 ## _aПреступления против общественных устоев, нравственности и семьи. 343.5 _z 700 #1 _aHaybrahmanova _gRegina Rinatovna 856 4# _avestnikkui.ru _u